| 000 | 01602nam2a22002771 4500 | ||
|---|---|---|---|
| 001 | RU\NLR\INFOCOMM15\1000139505 | ||
| 005 | 20250617125439.0 | ||
| 035 | _a(NLR Aleph) 002613390 | ||
| 090 |
_a3550842 _c3550842 |
||
| 100 | _a20040621d1896 |||y0rusy50 ca | ||
| 101 | 0 | _arus | |
| 102 | _aRU | ||
| 105 | _ay ||||||||| | ||
| 200 | 1 |
_aЖитие иже во святых отца нашего Григория Синаита _fКаллист I |
|
| 210 |
_d1896 _aБ. м. |
||
| 300 | _aНа частном тит. л. дата: 1894 | ||
| 423 | 1 |
_12001#$aЖитие преподобного Афанасия Афонского _1300##$aНа частном тит. л. дата: 1895 _tЖитие преподобного Афанасия Афонского |
|
| 461 | 0 |
_1001RU\NLR\INFOCOMM15\1000139467 _12001#$aЗаписки Историко-филологического факультета С.-Петербургского университета$vЧ.35 _93550526 _aИмператорский Санкт-Петербургский университет. Историко-филологический факультет _cСПб. _d1876-1917 _tЗаписки Историко-филологического факультета С.-Петербургского университета _vЧ.35 |
|
| 701 | 0 |
_4070 _7ca _8rus _aКаллист _cпатриарх Константинопольский _dI _f-ок.1363 _9175475 _3RU\NLR\AUTH\770175526 |
|
| 801 | 1 |
_aRU _bInfoComm _c20040621 |
|
| 801 | 0 |
_aRU _bNLR _gPSBO |
|
| 852 |
_aNLR _j1/163 |
||
| 942 | _cISSUE | ||
| 980 | _aNB | ||
| 980 | _aRUSPER | ||